000 00317nam a2200133Ia 4500
008 190216s9999||||xx |||||||||||||| ||und||
100 _aDavid Halliday And Robert Resnik
245 0 _aPhysics Part 2
250 _a5th Ed.
260 _bWiley Eastern Ltd
_c1977
300 _a1294
650 _aPhysics
942 _cBK
999 _c32822
_d32822